000 00632nam a2200229Ia 4500
003 OSt
005 20220923212053.0
006 a|||||r|||| 00| 0
007 ta
008 220922b |||||||| |||| 00| 0 hin d
024 _a150,544
037 _cTextual
040 _aARTS
_cARTS
_bhin
041 _2hin
_ahin
082 _a90Q3jM81, 152H6
100 _aप्रेमी
245 0 _aप्रेमी अीिानन्दन ग्रन्थ
246 _aPremī aīiānandan grantha
260 _c1946
942 _h90Q3jM81, 152H6
_cTEXL
_2CC
999 _c306224
_d306224